000 01040nam a2200121Ia 4500
008 220620s9999||||xx |||||||||||||| ||und||
245 0 _aRecent Advancement of Thermal Fluid Engineering in the Supercritical CO<sub>2</sub> Power Cycle
546 _aEnglish[eng]
650 _aemergency diesel generator||supercritical carbon dioxide cycle||waste heat recovery system||bottoming cycle||re-compression Brayton cycle||carbon dioxide||supercritical||thermodynamic||exergy||cycle simulation||design point analysis||radial-inflow turbine||supercritical carbon dioxide||air||rotor solidity||aerodynamic performance||centrifugal compressor||aerodynamic optimization design||numerical simulation||radial turbine||utility-scale||turbomachinery design||NET Power||supercritical CO2||heat exchanger||flow analysis||thermal stress analysis||LCoE||CSP||concentrated-solar power||axial turbine design||micro-scale turbomachinery design||n/a
700 _aLee, Jeong Ik||Sánchez, David
856 _uhttps://mdpi.com/books/pdfview/book/2914
942 _cEB
999 _c22513
_d22513